| 000 | 01374nam0a2200313 4500 | ||
|---|---|---|---|
| 001 | RU\NLR\bibl\57815 | ||
| 005 | 20250616090416.0 | ||
| 010 |
_a5-85057-053-15 _91000 |
||
| 021 |
_aRU _b98-47820 _92306 |
||
| 035 | _a(NLR Aleph) 000056373 | ||
| 090 |
_a304874 _c304874 |
||
| 100 | _a19991110d1997 |||y0rusy50 ca | ||
| 101 | 0 | _arus | |
| 102 | _aRU | ||
| 105 | _ac z ||||| | ||
| 200 | 1 |
_aПалитра _e[Повести и рассказы] _fС. Котельников _g[Послесл. В.Н. Авдеев] |
|
| 210 |
_aРязань _cУзорочье _d1997 |
||
| 215 |
_a235,[2] с. _cпортр. _d21 |
||
| 300 | _aНа 233-й с. авт.: врач С.В. Котельников | ||
| 327 | 0 | _aСодерж.: Повести: Палитра; Первая скрипка; Рассказы: Дневник поэта; Уважаемые; КОллекционер; Читая Рабиновича; Открытое письмо президенту; Откровения; "Маэстро"; Переселения душ и др. | |
| 686 | _aШ6(2=Р)75-744 | ||
| 700 | 1 |
_aКотельников _bС. В. _gСергей Валентинович _4070 |
|
| 801 | 0 |
_aRU _bNLR _c19991110 _gPSBO |
|
| 801 | 1 |
_aRU _bNLR _c19991110 |
|
| 852 |
_aNLR _j99-3/14031 |
||
| 942 | _cBOOK | ||
| 980 | _aNB | ||